000 02081nam a2200301 a 4500
001 000000690
003 DO-SdBNP
005 20221215135916.0
007 ta
008 090422s2003 dr a 000 0 spa d
040 _aDO-SdBNP
_bspa
_cBNPHU
082 4 _a370.115097293
_bP762h
_222
100 1 _aPolanco, Vielka
_92348
245 1 0 _aHacia un plan nacional de educación en derechos humanos :
_blineamientos estratégicos 2004-2008 /
_cVielka Polanco, Marta Rodríguez , Jacqueline Jiménez Polanco ; presentación, Nick Fabiancic, Luis Tiburcio ; prefacio primera dama de la República Dominicana Rosa Gómez de Mejía.
260 _aSanto Domingo :
_bUNESCO : PNUD,
_c2003.
300 _a2v. :
_bil. ;
_c27 cm.
505 0 _gv. 1.
_tDiagnóstico --
_tPrefacio --
_tPresentación --
_tIntroducción --
_tAntecedentes --
_tFundamentos teóricos y metodológicos --
_tMetodología --
_tMatriz utilizada para la recopilación y examen de información --
_tDiagnóstico de la educación en derechos humanos en la enseñanza formal básica, media, superior y la formación de maestros/as /
_rVielka Polanco --
_tDiagnóstico sobre la situación de la educación en derechos humanos en administración pública, sector justicia, las Fuerzas Armadas y la Policía Nacional /
_rMartha Rodríguez Caba --
_tDiagnóstico de la educación en derecho humanos desde el horizonte de la sociedad civil /
_rJaqueline Jiménez Polanco --
_gv. 2 .
_tLineamientos estratégicos ---
_tDiagnóstico sobre la educación en derechos humanos en la República Dominicana --
_tHacia un plan nacional de educación en derechos humanos --
_tEstrategias para la implementación del plan nacional.
590 _aInventariado, 2018/LP
650 4 _aEducación para los derechos humanos
_92349
650 4 _aEducación
_zRepública Dominicana
_9737
700 1 _aRodríguez, Marta
_92350
700 1 _aJiménez Polanco, Jacqueline
_92351
700 1 _aFabiancic, Nick
_92352
700 1 _aTiburcio, Luis
_92353
700 1 _aGómez de Mejía, Rosa
_92354
910 _aValidado. Control de calidad MMOLINA
942 _2ddc
_cLBS1
999 _c686
_d686